| 000 | 01129nam a2200337 a 4500 | ||
|---|---|---|---|
| 001 | 000042788 | ||
| 003 | DO-SdBNP | ||
| 005 | 20250512091101.0 | ||
| 007 | ta | ||
| 008 | 140210e 2012 dr er 001 fdspa d | ||
| 020 | _a9789945475302 | ||
| 040 |
_aDO-SdBNP _bspa _cBNPHU _erda |
||
| 082 | 4 |
_aRD863.44 _b A445t _222 |
|
| 100 | 1 |
_aAlmánzar Rodríguez, Armando, _d1935- _eautor _919523 |
|
| 245 | 1 | 0 |
_aTres novelas cortas / _cArmando Almánzar Rodríguez. |
| 264 |
_aSanto Domingo : _bDirección General de la Feria del Libro, _c2012. |
||
| 300 |
_a371 páginas ; _c23 cm. |
||
| 336 |
_2rdacontent _atexto _btxt |
||
| 337 |
_2rdamedia _asin mediación _bn |
||
| 338 |
_2 rdacarrier _avolumen _bn |
||
| 500 | _aIncluye datos biografícos del autor en las solapas. | ||
| 505 |
_aContiene : _tEl Paraíso.-- _tFrancisca Flores.-- _tVidas de Otoño. |
||
| 590 | _aInventariado 2021 / MF | ||
| 650 | 1 | 0 |
_aNovela dominicana _9223 |
| 650 | 1 | 4 |
_aLiteratura dominicana _979834 |
| 740 | 0 | 2 | _aEl paraíso |
| 740 | 0 | 2 | _aFrancisca Flores |
| 740 | 0 | 2 | _aVidas de otoño |
| 910 | _aValidado. Control de calidad MFF | ||
| 942 |
_2ddc _cLBS1 |
||
| 999 |
_c42277 _d42277 |
||